000 01190cam a2200277 4500
001 WB4011-01
008 040315n2004 000 0 eng u
035 _a(Sirsi) u125417
245 _aNew constructions orders: January 2004
260 _c2004
490 _aDTI Press Release
_v(C-0304) 11 March 2004 (2)
520 _aOrders in the year to January 2004 were 7% lower than in the previous twelve month period and 12% down over the three months to January 2004 compared to the same three months a year earlier. Orders in the three months to January 2004 were 6% up on orders in the previous three months with increases in all sectors except public non-housing excluding infrastructure. Links to tables and graphs. http://www.dti.gov.uk/construction/stats/110304/pr essrel110304.htm
590 _aWB
590 _aWB
650 _aNEW CONSTRUCTION ORDERS
650 _aCONSTRUCTION STATISTICS
650 _aSTATISTICS
650 _aPRIVATE HOUSING
650 _aPRIVATE INDUSTRIAL
650 _aPUBLIC HOUSING
650 _aInfrastructure
_96246
650 _aPRIVATE COMMERCIAL
650 _aPUBLIC NON-HOUSING
690 _aBUILDING AND CONSTRUCTION
942 _n0
999 _c117100
_d117100